| 000 | 01280cam a22002775a 4500 | ||
|---|---|---|---|
| 001 | 14374760 | ||
| 005 | 20201128021249.0 | ||
| 008 | 060512s2007 enk frb 001 0 eng d | ||
| 020 | _a9781403994882 (hardback) | ||
| 020 | _a1403994889 (hardback) | ||
| 040 |
_aDLC _cDLC _dBAKER _dBWKUK _dBTCTA _dYDXCP _dUKM _dCOO _dOCLCG _dUAB _dZWZ _dYUS _dDLC _dEG-ScBUE |
||
| 082 | 0 | 0 |
_a320.01 _222 _bEDW |
| 100 | 1 |
_aEdwards, Jason, _d1971 October 3- _938049 |
|
| 245 | 1 | 4 |
_aThe radical attitude and modern political theory / _cJason Edwards. |
| 260 |
_aHampshire ; _aNew York : _bPalgrave Macmillan, _c2007. |
||
| 300 |
_avi, 208 p. ; _c23 cm. |
||
| 500 | _aIndex : p. 203-208. | ||
| 504 | _aBibliography : p. 185-202. | ||
| 505 | 0 | _aThe reformation and the radical attitude : Luther, Muntzer and Calvin -- The politicisation of man in the seventeenth century : the Levellers and Hobbes -- Enlightenment, law and nature : Montesquieu and Rosseau -- Conservatism and radicalism : Burke and Paine -- Democracy and revolution : Tocqueville and Marx -- Crisis and decision : Lenin and Schmitt. | |
| 650 | 7 |
_aPolitical Science _xPhilosophy. _2BUEsh _9684 _vPhilosophy |
|
| 650 | 0 |
_aRadicalism. _2BUEsh |
|
| 651 | _2BUEsh | ||
| 653 |
_bBUSBOL _cMay2015 |
||
| 655 |
_vreading book _934232 |
||
| 942 | _2ddc | ||
| 999 |
_c19385 _d19357 |
||